000 00549nam a2200181Ia 4500
008 131103s9999 xx 000 0 und d
040 _aLoreto College
041 _aEnglish
082 _a843/BAL
_bLCLIB/37522
100 _aBalzac, Honore De
245 _aSelected short stories
_cHonore De Balzac; selected and translated with an introduction by Sylvia Raphael
260 _aLondon
_bPenguin books
_c1977
300 _a269p.
_c 18c.m.
650 _aFrench fiction
700 _aRaphael, Sylvia; tr.
850 _aLCLIB/843/BAL
942 _cBK
999 _c23832
_d74311